NBA mascots - Statistics

General Stats
  • This quiz has been taken 358 times
  • The average score is 8 of 25
Answer Stats
Hint Answer % Correct
Grizz Memphis Grizzlies
78%
Jazz Bear Utah Jazz
73%
Rocky Denver Nuggets
67%
Benny Chicago Bulls
64%
G-Wiz Washington Wizards
63%
Coyote San Antonio Spurs
43%
Blaze Portland Trail Blazers
41%
Lucky Boston Celtics
37%
Burnie Miami Heat
37%
Moondog Cleveland Cavaliers
30%
Clutch Houston Rockets
22%
Rumble Oklahoma City Thunder
21%
Hugo Charlotte Hornets
20%
Bango Milwaukee Bucks
20%
Harry Atlanta Hawks
18%
Stuff Orlando Magic
18%
Go Phoenix Suns
15%
Champ Dallas Mavericks
14%
Pierre New Orleans Pelicans
14%
Hooper Detroit Pistons
12%
Thunder Bolt Golden State Warriors
12%
Boomer Indiana Pacers
12%
Crunch Minnesota Timberwolves
11%
Hip-Hop Rabbit Philadelphia 76ers
7%
Stripes Toronto Raptors
4%
No matching quizzes found
Score Distribution
Percent of People with Each Score
Percentile by Number Answered
Your Score History
You have not taken this quiz